Tóm tắt hoá học sơ cấp T.1 Hoá học đại cương
Các kiến thức hoá học đại cương; Những khái niệm và định luật cơ bản; Cấu tạo nguyên tử liên kết hoá học và cấu tạo phân tử; Các loại phản ứng hoá học; Các hợp chất vô cơ và hệ dung dịch
Salvato in:
| Altri autori: | , , , , , |
|---|---|
| Natura: | Libro |
| Lingua: | Vietnamese |
| Pubblicazione: |
H.
Giáo dục
1980
|
| Soggetti: | |
| Tags: |
Aggiungi Tag
Nessun Tag, puoi essere il primo ad aggiungerne! !
|
| Thư viện lưu trữ: | Mạng thư viện Đại học Đà Nẵng |
|---|
| LEADER | 01711nam a2200421 4500 | ||
|---|---|---|---|
| 001 | 000008515 | ||
| 003 | 4705 | ||
| 005 | 20120313160329.0 | ||
| 008 | 111019s1980 viesd | ||
| 020 | |c 1.8đ | ||
| 041 | 0 | |a vie | |
| 082 | |a 540 |b Tom | ||
| 245 | 1 | 0 | |a Tóm tắt hoá học sơ cấp |c A. T. Pilipenco, V. Ia. Pochinoc, I. P. Xêrêda ; Dịch: Từ Ngọc Anh, Đỗ Tất Hiển, Đào Trọng Quang |n T.1 |p Hoá học đại cương |
| 260 | |a H. |b Giáo dục |c 1980 | ||
| 300 | |a 332tr |c 21cm | ||
| 520 | |a Các kiến thức hoá học đại cương; Những khái niệm và định luật cơ bản; Cấu tạo nguyên tử liên kết hoá học và cấu tạo phân tử; Các loại phản ứng hoá học; Các hợp chất vô cơ và hệ dung dịch | ||
| 653 | |a Hoá học đại cương | ||
| 653 | |a hợp chất vô cơ | ||
| 653 | |a Dung dịch | ||
| 653 | |a phân tử | ||
| 700 | |a Pochinoc, V. Ia. |e Tác giả | ||
| 700 | |a Đào Trọng Quang |e Dịch | ||
| 700 | |a Đỗ Tất Hiển |e Dịch | ||
| 700 | |a Từ Ngọc Anh |e Dịch | ||
| 700 | |a Sepchencô, Ph. Đ. |e Tác giả | ||
| 700 | |a Xêrêda, I. P. |e Tác giả | ||
| 773 | |t Tóm tắt hóa học sơ cấp |w 4701 | ||
| 910 | |a MPhuong |d 19/10 | ||
| OWN | |a LSP | ||
| AVA | |a UDN50 |b LSP |d 540 Tom |e available |t Error 5001 Not defined in file expand_doc_bib_avail. |f 5 |g 2 |h N |i 0 |k 1 | ||
| 999 | |a From the UDN01 | ||
| AVA | |a UDN50 |b LSP |d 540 Tom |e available |t Error 5001 Not defined in file expand_doc_bib_avail. |f 5 |g 2 |h N |i 0 |k 1 | ||
| TYP | |a Monograph | ||
| TYP | |a Printed language | ||
| 980 | |a Mạng thư viện Đại học Đà Nẵng | ||